Anne et Claude Langlois, Fallait-il canoniser Thérèse de Lisieux ?, Entre durables objections et plaidoyer de Benoît XV (1914-1921). Laboratoire de recherche historique Rhône-Alpes, « Chrétiens et sociétés. Documents et mémoires », n° 52, 2024, 164 pages, 18 €. (notice n° 1618471)
[ vue normale ]
| 000 -LEADER | |
|---|---|
| fixed length control field | 00689cam a2200145 4500500 |
| 005 - DATE AND TIME OF LATEST TRANSACTION | |
| control field | 20260111085648.0 |
| 041 ## - LANGUAGE CODE | |
| Language code of text/sound track or separate title | fre |
| 042 ## - AUTHENTICATION CODE | |
| Authentication code | dc |
| 100 10 - MAIN ENTRY--PERSONAL NAME | |
| Personal name | Salin, Dominique |
| Relator term | author |
| 245 00 - TITLE STATEMENT | |
| Title | Anne et Claude Langlois, Fallait-il canoniser Thérèse de Lisieux ?, Entre durables objections et plaidoyer de Benoît XV (1914-1921). Laboratoire de recherche historique Rhône-Alpes, « Chrétiens et sociétés. Documents et mémoires », n° 52, 2024, 164 pages, 18 €. |
| 260 ## - PUBLICATION, DISTRIBUTION, ETC. | |
| Date of publication, distribution, etc. | 2024.<br/> |
| 500 ## - GENERAL NOTE | |
| General note | 22 |
| 786 0# - DATA SOURCE ENTRY | |
| Note | Études | Jui | 6 | 2024-05-24 | p. 119zl-144zl | 0014-1941 |
| 856 41 - ELECTRONIC LOCATION AND ACCESS | |
| Uniform Resource Identifier | <a href="https://shs.cairn.info/revue-etudes-2024-6-page-119zl?lang=fr&redirect-ssocas=7080">https://shs.cairn.info/revue-etudes-2024-6-page-119zl?lang=fr&redirect-ssocas=7080</a> |
Pas d'exemplaire disponible.




Réseaux sociaux